| 000 | 01070nam a2200265 i 4500 | ||
|---|---|---|---|
| 001 | 178458 | ||
| 003 | ES-MaACL | ||
| 005 | 20250827044933.0 | ||
| 008 | 110530s2006 sp aeop |||| |dspa d | ||
| 020 | _a84-609-9020-6 | ||
| 080 | _a914.601.89(036) | ||
| 100 | 1 |
_aSanchidrián Gallego, Jesús María José. _9103003 |
|
| 245 | 1 | 0 |
_aRutas mágicas por los pueblos del Adaja _b: "Ávila rural" : Mingorría, Zorita de los Molinos, Cardeñosa ... / _cJesús Mª J. Sanchidrián Gallego. |
| 246 | 3 | 0 | _aÁvila rural |
| 250 | _a2ª ed. | ||
| 260 |
_aMingorría (Ávila) : _b"Piedra Caballera", Revista Cultural, _c2006. |
||
| 300 |
_a224 p. : _bil. col., fot., plano ; _c20 x 11cm. |
||
| 500 | _aÍndice. | ||
| 504 | _aBibliografía: p. 218-223. | ||
| 651 | 7 |
_aÁvila (Provincia)- _vGuías turísticas _2 _9146819 |
|
| 852 |
_aES-MaACL _jN-4269 _9185318 _bR.145561 _cDEPO1 _dOlim: N-4269 _xDonación: Jesús María José Sanchidrián Gallego |
||
| 903 |
_9103003 _aSanchidrián Gallego, Jesús María José _ednr |
||
| 942 |
_2udc _cMONOGRAFIA |
||
| 999 |
_c178458 _d178458 |
||